Mana - Drachenlord - Statistiken

Allgemein
  • Dieses Quiz wurde 42 mal gespielt
  • Das Durchschnittsergebnis liegt bei 88 aus 436
Antwortstatistiken
Textquiz % Korrekt
ich
69%
Ich
69%
man
55%
der
48%
Hab
48%
hab
48%
die
45%
Die
45%
Doch
45%
doch
45%
du
45%
Du
45%
ein
45%
es
45%
Ihr
45%
ihr
45%
ist
45%
Mein
45%
wie
45%
das
41%
euch
34%
Meine
34%
meine
34%
ab
31%
er
31%
immer
31%
ne
31%
bin
28%
hoch
28%
kein
28%
meinem
28%
von
28%
wär
28%
war
28%
auf
24%
einziger
24%
für
24%
Mana
24%
mir
24%
noch
24%
sind
24%
so
24%
über
24%
Und
24%
und
24%
Wenn
24%
wenn
24%
alle
21%
Als
21%
als
21%
gemacht
21%
in
21%
lustig
21%
mich
21%
Video
21%
wieder
21%
wo
21%
Ziel
21%
brachte
17%
fertig
17%
ganz
17%
Gestern
17%
gestern
17%
habt
17%
mit
17%
Mit
17%
Polizei
17%
salty
17%
sein
17%
siehst
17%
zehn
17%
allem
14%
den
14%
fehlt
14%
fertige
14%
Haltet
14%
hast
14%
Hater
14%
Hochladen
14%
kann
14%
Minuten
14%
Pfeffer
14%
Produkt
14%
Rendern
14%
schlau
14%
Schneiden
14%
seid
14%
um
14%
unterschätzt
14%
wird
14%
YouTube
14%
Alles
10%
bearbeitet
10%
behauptet
10%
Cruise
10%
Damit
10%
diese
10%
dümmer
10%
Energy
10%
ganze
10%
geht
10%
geschlagen
10%
hochgeladen
10%
nach
10%
Nacht
10%
Ohren
10%
Schnee
10%
Stein
10%
Stunden
10%
täglich
10%
Täglich
10%
überhaupt
10%
vielleicht
10%
Weg
10%
An
7%
Arschloch
7%
besser
7%
Bullshit
7%
dir
7%
divers
7%
fünfzehn
7%
funny
7%
geb
7%
geopfert
7%
heut
7%
kalt
7%
letztendlich
7%
Luftfahrt
7%
meinen
7%
Missile
7%
Mondeo
7%
morgen
7%
Mustang
7%
Niveau
7%
Parship
7%
schon
7%
schweife
7%
stets
7%
TikTok
7%
Tracks
7%
vierzehn
7%
voll
7%
Volltreffer
7%
work
7%
A4
3%
Arbeit
3%
Argumente
3%
auch
3%
deines
3%
enden
3%
Erbe
3%
erst
3%
erstmal
3%
Fans
3%
gespannt
3%
gewartet
3%
Hardware
3%
herzhaft
3%
jetzt
3%
kennt
3%
Koffein
3%
kurz
3%
lachen
3%
Leben
3%
Lebens
3%
Liebe
3%
mal
3%
meiner
3%
Moment
3%
Mortalität
3%
musischen
3%
Neuer
3%
Nur
3%
nur
3%
oben
3%
Okay
3%
Paycheck
3%
Prozent
3%
Reingelegt
3%
RS6
3%
sagt
3%
SARS-CoV-2
3%
Schlagstock
3%
schlagt
3%
schwöre
3%
sechszehn
3%
siebzehn
3%
Skull
3%
ständig
3%
trinkt
3%
warm
3%
wartest
3%
weniger
3%
Werkstatt
3%
widme
3%
Wikinger
3%
will
3%
wissen
3%
woher
3%
wollt
3%
wusel
3%
aus
0%
bald
0%
bufft
0%
Channel
0%
Char
0%
Chilltag
0%
clean
0%
daheim
0%
dem
0%
Dosen
0%
einschränkt
0%
Ernst
0%
F5
0%
Fehln
0%
Füll
0%
Gärtner
0%
gilt
0%
grad
0%
Grüne
0%
Haft
0%
hoff
0%
Hunnis
0%
ins
0%
leg
0%
Lines
0%
lurkst
0%
nippen
0%
oder
0%
RPG
0%
sehr
0%
spammst
0%
Stats
0%
teuer
0%
Trainer
0%
verskillt
0%
vollgetankt
0%
Wanne
0%
werden
0%
werkel
0%
yeah
0%
Keine übereinstimmenden Quizze gefunden
Verteilung der Resultate
Anzahl Personen mit jedem Resultat
Perzentil nach korrekt beantworteten Fragen
Ihre Resultats-Entwicklung
Sie haben dieses Quiz noch nicht gespielt